| 000 | 00000nas 2200000za 4500 |
| 001 | 9.507169 |
| 003 | CaOODSP |
| 005 | 20250717130651 |
| 007 | cr ||||||||||| |
| 008 | 150406c20119999oncar p oss f0 a0eng|d |
| 022 | |a1929-8161|y1925-3796|y1925-380X |
| 040 | |aCaOODSP|beng |
| 043 | |an-cn--- |
| 086 | 1 |aA71-33E-PDF|zA71-33/2011E-PDF |
| 245 | 00|aStatistical overview of the Canadian fruit industry |h[electronic resource] / |cprepared by Market Analysis and Information Section, Horticulture and Cross Sectoral Division. |
| 260 | |a[Ottawa] : |bAgriculture and Agri-Food Canada, |cc2012- |
| 310 | |aAnnual |
| 362 | 1 |aBegan with 2011. |
| 500 | |aIssued also in French under title: Aperçu statistique de l'industrie fruitière du Canada. |
| 692 | 07|2gccst|aFruits |
| 692 | 07|2gccst|aStatistics |
| 710 | 1 |aCanada. |bAgriculture and Agri-Food Canada. |
| 775 | 08|tAperçu statistique de l'industrie fruitière du Canada |w(CaOODSP)9.503559 |